Traffic engineering and transport planning (Record no. 28419)

000 -LEADER
fixed length control field 00503nam a22001937a 4500
001 - CONTROL NUMBER
control field 28419
003 - CONTROL NUMBER IDENTIFIER
control field BD-DhUET
008 - FIXED-LENGTH DATA ELEMENTS--GENERAL INFORMATION
fixed length control field 150610b xxu||||| |||| 00| 0 eng d
040 ## - CATALOGING SOURCE
Transcribing agency 0
Modifying agency BD-DhUET
082 ## - DEWEY DECIMAL CLASSIFICATION NUMBER
Classification number 388.312
Item number KAD/1997
100 ## - MAIN ENTRY--PERSONAL NAME
Personal name Kadiyali, L. R.
245 ## - TITLE STATEMENT
Title Traffic engineering and transport planning
250 ## - EDITION STATEMENT
Edition statement 6th ed.
260 ## - PUBLICATION, DISTRIBUTION, ETC. (IMPRINT)
Place of publication, distribution, etc. Delhi
Name of publisher, distributor, etc. Khanna Publishers
Date of publication, distribution, etc. 1997
300 ## - PHYSICAL DESCRIPTION
Extent xxiii,900 p.
Other physical details ill.
504 ## - BIBLIOGRAPHY, ETC. NOTE
Bibliography, etc Includes bibliographies
650 #0 - SUBJECT ADDED ENTRY--TOPICAL TERM
Topical term or geographic name as entry element Traffic engineering
942 ## - ADDED ENTRY ELEMENTS (KOHA)
Koha item type General Book
Holdings
Koha issues (times borrowed) Koha out on loan Source of classification or shelving scheme Piece designation (barcode) Koha normalized classification for sorting Sublocation or collection (holding branch) Not for loan Price effective from Koha date last borrowed Withdrawn status Location (home branch) Koha date last seen Koha item type Copy number Date acquired Shelving location Lost status Koha full call number Damaged status
   92319338_312000000000000_KAD_1997Central Library, BUET 2015-06-10  Central Library, BUET2015-06-10General Book12015-06-10Reading section 338.312/KAD/1997 
   92318338_312000000000000_KAD_1997Central Library, BUET 2015-06-22  Central Library, BUET2015-06-22General Book22015-06-22Reading section 338.312/KAD/1997 
   92315388_312000000000000_KAD_1997Central Library, BUET 2015-06-22  Central Library, BUET2015-06-22General Book32015-06-22Reading section 388.312/KAD/1997 
   92317388_312000000000000_KAD_1997Central Library, BUET 2015-06-22  Central Library, BUET2015-06-22General Book42015-06-22Reading section 388.312/KAD/1997 
12024-05-27 92327388_312000000000000_KAD_1997Central Library, BUET 2019-03-122023-05-28 Central Library, BUET2023-05-28General Book51998-06-25Circulation section 388.312/KAD/1997 
1  92326388_312000000000000_KAD_1997Central Library, BUET 2021-03-162024-05-13 Central Library, BUET2025-04-30General Book61998-06-25Circulation section 388.312/KAD/1997 
32026-05-05 92328388_312000000000000_KAD_1997Central Library, BUET 2024-11-172026-04-21 Central Library, BUET2026-04-21General Book71998-06-25Circulation section 388.312 KAD/1997